000 00494nam a2200169 i 4500
001 31931
003 ES-MaACL
005 20230906154457.0
007 t|
008 030130s1964 sp ||||1| eng d
100 1 _aBenigni, Tamara.
_927591
245 1 0 _aKey to easy russian /
_cTamara Benigni.
260 _aMadrid :
_b[s.n.,
_c1964] (
_fImp. Rafael Taravilla)
300 _a39 p. ;
_c19 cm.
650 0 4 _aLengua rusa-
_xEjercicios prácticos.
_914318
852 _aES-MaACL
_j2030-F-16
_bR.53193
999 _c31931
_d31931